Ảnh hưởng của bassa 50EC và basudin 40EC lên một số chỉ tiêu sinh lý cá rô đồng giống : Luận văn tốt nghiệp Đại học: Chuyên ngành môi trường & QLTNTN

Đề tài nghiên cứu nhằm mục đích đánh giá các rủi ro, ảnh hưởng của bassa, basudin lên sự thay đổi chỉ tiêu sinh lý của cá rô đồng.

Na minha lista:
Detalhes bibliográficos
Autor principal: Trịnh, Thị Lan
Formato: Livro
Idioma:Undetermined
Publicado em: Cần Thơ Trường Đại học Cần Thơ 2004
Assuntos:
Tags: Adicionar Tag
Sem tags, seja o primeiro a adicionar uma tag!
Thư viện lưu trữ: Trung tâm Học liệu Trường Đại học Cần Thơ
LEADER 01066nam a2200205Ia 4500
001 CTU_143287
008 210402s9999 xx 000 0 und d
082 |a 632.95 
082 |b L105 
100 |a Trịnh, Thị Lan 
245 0 |a Ảnh hưởng của bassa 50EC và basudin 40EC lên một số chỉ tiêu sinh lý cá rô đồng giống : 
245 0 |b Luận văn tốt nghiệp Đại học: Chuyên ngành môi trường & QLTNTN 
245 0 |c Trịnh Thị Lan; Nguyễn Văn Công (Giáo viên hướng dẫn) 
260 |a Cần Thơ 
260 |b Trường Đại học Cần Thơ 
260 |c 2004 
520 |a Đề tài nghiên cứu nhằm mục đích đánh giá các rủi ro, ảnh hưởng của bassa, basudin lên sự thay đổi chỉ tiêu sinh lý của cá rô đồng. 
650 |a Pesticides,Freshwater Fishes,Thuốc trừ sâu,Nuôi cá nước ngọt 
904 |i Trọng Hải 
980 |a Trung tâm Học liệu Trường Đại học Cần Thơ